|
|
|
|
| LEADER |
00975nam a2200217 a 4500 |
| 001 |
GR-MES2163 |
| 008 |
991111s gr 000 b eng d |
| 020 |
|
|
|a 0137199155
|
| 040 |
|
|
|a GrPaTEI
|b gre
|c GR-PaULI
|
| 245 |
0 |
0 |
|a Production and operations management :
|b Concepts, models, and behavior.
|
| 260 |
|
|
|a New Jersey :
|b Prentice-Hall,
|c c1992
|
| 300 |
|
|
|a 729σελ. :
|b εικ.,πιν.
|
| 650 |
|
4 |
|a Μάνατζμεντ
|
| 650 |
|
4 |
|a Παραγωγή
|
| 700 |
1 |
|
|a Adam, E.
|
| 700 |
1 |
|
|a Ebert, R.
|
| 942 |
|
|
|2 ddc
|
| 952 |
|
|
|0 0
|1 0
|2 ddc
|4 0
|6 658_500000000000000_ADA
|7 0
|9 266487
|a MSLG
|b MSLG
|c BSC
|d 2021-01-17
|e 24
|f 0
|g 0.00
|l 0
|o 658.5 ADA
|p 2420000002549
|r 2021-01-17 00:00:00
|t 1
|w 2021-01-17
|y BK15
|x 19991111 0 1
|x GrPaTEI
|
| 952 |
|
|
|0 0
|1 0
|2 ddc
|4 0
|6 658_500000000000000_ADA
|7 0
|9 266488
|a MSLG
|b MSLG
|c BSC
|d 2021-01-17
|e 24
|f 0
|g 0.00
|l 0
|o 658.5 ADA
|p 2420000002669
|r 2021-01-17 00:00:00
|t 1
|w 2021-01-17
|y BK15
|x 19991111 0 1
|x GrPaTEI
|
| 971 |
|
|
|a .b25732079
|b 15-04-20
|c 13-09-16
|
| 999 |
|
|
|c 153310
|d 153310
|